[Event "GER-chT Betriebe 18th"]
[Site "Altenberg Zinnwald"]
[Date "2018.11.11"]
[Round "7.2"]
[White "Juziak, Peter"]
[Black "Hortolani, Sven Holger"]
[Result "0-1"]
[WhiteElo "2054"]
[BlackElo "2140"]
[PlyCount "77"]
[EventDate "2018.11.08"]
[EventType "team-swiss"]
[EventRounds "7"]
[EventCountry "GER"]
[SourceTitle "EXT 2020"]
[Source "ChessBase"]
[SourceDate "2019.10.17"]
[SourceVersion "1"]
[SourceVersionDate "2019.10.17"]
[SourceQuality "1"]
[WhiteTeam "Erkrath"]
[BlackTeam "Herne Wanne Eickel EKJ"]
[WhiteTeamCountry "GER"]
[BlackTeamCountry "GER"]

1. d4 Nf6 2. Nf3 c5 3. c3 cxd4 4. cxd4 d5 5. Nc3 Nc6 6. Bf4 e6 7. Rc1 Bd6 8. Bg3 Ne4 9. e3 f5 10. Be2 0-0 11. Bxd6 Qxd6 12. 0-0 a6 13. Na4 Bd7 14. Ne1 f4 15. Nf3 b5 16. Nc3 Rf6 17. Nxe4 dxe4 18. Ne5 Be8 19. Rc5 Nxe5 20. Rxe5 Bc6 21. Bg4 Bd5 22. exf4 Rxf4 23. f3 exf3 24. gxf3 Bc4 25. Rfe1 Rxd4 26. Qc2 Rd2 27. Qc3 Rd3 28. Qc2 Qd4+ 29. Kh1 Rd2 30. Qe4 Qxe4 31. R5xe4 Rxb2 32. a3 Rb3 33. Rxe6 Rxa3 34. Re7 Bf7 35. Rd1 Re8 36. Ra7 Ra2 37. f4 Bd5+ 38. Kg1 Rg2+ 39. Kf1 0-1

[Event "GER-chT Betriebe 18th"]
[Site "Altenberg Zinnwald"]
[Date "2018.11.10"]
[Round "5.2"]
[White "Hartmann, Jens"]
[Black "Juziak, Peter"]
[Result "0-1"]
[WhiteElo "1839"]
[BlackElo "2054"]
[PlyCount "76"]
[EventDate "2018.11.08"]
[EventType "team-swiss"]
[EventRounds "7"]
[EventCountry "GER"]
[SourceTitle "EXT 2020"]
[Source "ChessBase"]
[SourceDate "2019.10.17"]
[SourceVersion "1"]
[SourceVersionDate "2019.10.17"]
[SourceQuality "1"]
[WhiteTeam "Hamburg Baubehoerde II"]
[BlackTeam "Erkrath"]
[WhiteTeamCountry "GER"]
[BlackTeamCountry "GER"]

1. e4 c5 2. Nf3 e6 3. Be2 Nc6 4. b3 Nf6 5. d3 d5 6. exd5 Nxd5 7. Bb2 Be7 8. 0-0 0-0 9. Nbd2 Nf4 10. Ne1 Nxe2+ 11. Qxe2 b6 12. Ne4 Nd4 13. Bxd4 cxd4 14. a4 Bb7 15. Nf3 Rc8 16. Rfc1 Rc7 17. Nfd2 Qd5 18. f3 f5 19. Ng3 Bg5 20. Ngf1 Rfc8 21. Ra2 e5 22. Ng3 g6 23. Qd1 h5 24. h3 h4 25. Ngf1 Bf4 26. Rb1 g5 27. Nh2 Rg7 28. Nc4 g4 29. c3 gxh3 30. Rbb2 dxc3 31. Rc2 Rc6 32. Qe1 Rcg6 33. Qxc3 hxg2 34. Rxg2 h3 35. Rxg6 Rxg6+ 36. Kf1 Bxh2 37. Rxh2 Qxf3+ 38. Rf2 Rg1+ 0-1

[Event "GER-chT Betriebe 18th"]
[Site "Altenberg Zinnwald"]
[Date "2018.11.08"]
[Round "1.2"]
[White "Grandt, Bernd"]
[Black "Juziak, Peter"]
[Result "1/2-1/2"]
[WhiteElo "1978"]
[BlackElo "2054"]
[PlyCount "77"]
[EventDate "2018.11.08"]
[EventType "team-swiss"]
[EventRounds "7"]
[EventCountry "GER"]
[SourceTitle "EXT 2020"]
[Source "ChessBase"]
[SourceDate "2019.10.17"]
[SourceVersion "1"]
[SourceVersionDate "2019.10.17"]
[SourceQuality "1"]
[WhiteTeam "Ludwigsfelde Stern"]
[BlackTeam "Erkrath"]
[WhiteTeamCountry "GER"]
[BlackTeamCountry "GER"]

1. d4 c5 2. Nf3 cxd4 3. Nxd4 d5 4. g3 e5 5. Nb3 Be7 6. Bg2 Nf6 7. Bg5 Be6 8. c4 Nbd7 9. cxd5 Nxd5 10. Bxd5 Bxg5 11. Bxe6 fxe6 12. Qd6 Qb6 13. Qxb6 Nxb6 14. Nc3 Nc4 15. Ne4 Bd8 16. 0-0 Ke7 17. Nbc5 Bb6 18. b3 Bxc5 19. Nxc5 Nd6 20. Rac1 Rac8 21. Rfd1 Rc7 22. Nd3 Rhc8 23. Rxc7+ Rxc7 24. Rc1 Rxc1+ 25. Nxc1 Nb5 26. Kf1 Kd6 27. Ke1 Kd5 28. Kd2 a5 29. e3 Nd6 30. f3 b5 31. e4+ Kc5 32. Kc3 b4+ 33. Kd3 Nb5 34. Ne2 g5 35. h3 h6 36. Kd2 Kd6 37. Ke3 Kc5 38. Kd3 Kc6 39. Ke3 1/2-1/2

[Event "Dortmund op"]
[Site "Dortmund"]
[Date "2009.07.05"]
[Round "2"]
[White "Pilat, Fabian"]
[Black "Juziak, Peter"]
[Result "1/2-1/2"]
[WhiteElo "1973"]
[BlackElo "2124"]
[PlyCount "49"]
[EventDate "2009.07.04"]
[EventType "swiss"]
[EventRounds "9"]
[EventCountry "GER"]
[SourceTitle "CBM 131 Extra"]
[Source "ChessBase"]
[SourceDate "2009.09.03"]
[SourceVersion "2"]
[SourceVersionDate "2009.09.16"]
[SourceQuality "1"]

1. e4 c5 2. Nc3 e6 3. f4 d5 4. Nf3 dxe4 5. Nxe4 Nf6 6. Nf2 a6 7. g3 b6 8. Bg2 Bb7 9. 0-0 Be7 10. b3 Nc6 11. Bb2 Qc7 12. Qe2 0-0 13. d3 Rad8 14. Ne4 Nd4 15. Nxd4 cxd4 16. Rac1 Qd7 17. Ng5 Bxg2 18. Qxg2 Nd5 19. Qe2 h6 20. Nf3 Bf6 21. Qf2 Ne7 22. Ne5 Qd5 23. Ba3 Rfe8 24. Rfe1 Nc6 25. Nc4 1/2-1/2